| 000 | 00560nam a2200229Ia 4500 | ||
|---|---|---|---|
| 003 | OSt | ||
| 005 | 20221005120229.0 | ||
| 006 | a|||||r|||| 00| 0 | ||
| 007 | ta | ||
| 008 | 221004b |||||||| |||| 00| 0 eng d | ||
| 024 | _a56850 | ||
| 037 | _cTextual | ||
| 040 |
_aCRL _cCRL _beng |
||
| 041 |
_2eng _aeng |
||
| 082 | _aU:23121k, B4 | ||
| 245 | 0 |
_aDharwar [gazetteer _b1884] |
|
| 260 | _c1884 | ||
| 490 | _aGazetteer of the Bombay Presidency. | ||
| 650 | _aGEOGRAPHY | ||
| 942 |
_hU:23121k, B4 _cTEXL _2cc |
||
| 999 |
_c1037292 _d1037292 |
||